| 000 | 00712cam a2200241 i 4500 | ||
|---|---|---|---|
| 008 | |||
| 020 | _a0713133279 (pbk.) | ||
| 049 | _aMAIN | ||
| 090 | _aQC320 | ||
| 100 | 1 | _aBackhurst, J. R. | |
| 245 | 1 | 0 |
_aProblems in heat and mass transfer / _cJ. R. Backhurst, J. H. Harker and J. E. Porter. |
| 260 |
_aLondon : _bEdward Arnold, _c1974. |
||
| 300 |
_axvi, 310 p. : _bill. ; _c22 cm. |
||
| 650 | 0 |
_aHeat _xTransmission. |
|
| 650 | 0 | _aMass transfer. | |
| 700 | 1 | _aHarker, J. H. | |
| 700 | 1 |
_aPorter, John Edward, _ejoint author. |
|
| 907 |
_a.b10043160 _b26-06-09 _c17-04-03 |
||
| 003 | |||
| 005 | 20230123133513.0 | ||
| 040 | _cNUST | ||
| 942 |
_cBOOKS _kQC320 |
||
| 999 |
_c149729 _d149729 |
||